• 首页
  • 本馆介绍
  • 公告通知
  • 最新文献
  • 馆藏检索
  • 电子资源
  • 读者导购
  • 参考咨询
  • 我的图书馆
  • 登录
  • 详细信息显示
  • 放入我的书架
  • 预约/预借图书
  • 作者相关作品
  • 分类相关作品
  • 丛书相关作品
  • 出版社相关作品

书目信息

  • 表格格式
  • 工作单格式
  • 卡片格式
题名:
学习环境的理论基础
    
 
作者: 乔纳森 , 兰德 主编 ;徐世猛 , 李洁 , 周小勇 译
分册:  
出版信息: 上海   华东师范大学出版社  2015.10
页数: 12,380页
开本: 24cm
丛书名: “21世纪人类学习的革命”译丛
单 册:
中图分类: G442 , G40-052.4
科图分类:
主题词: 学习心理学--教育环境学--研究
电子资源:
ISBN: 978-7-5675-3584-8
000 01463oam2 2200361 450
001 0120151698102
005 20151231085537.10
010    @a978-7-5675-3584-8@dCNY56.00
100    @a20151118d2015 em y0chiy50 ea
101 1  @achi@ceng
102    @aCN@b310000
105    @ay z 001yy
106    @ar
200 1  @a学习环境的理论基础@9xue xi huan jing de li lun ji chu@dTheoretical foundations of learning environments@f(美)戴维·H·乔纳森(David H. Jonassen),(美)苏珊·M·兰德(Susan M. Land)主编@g徐世猛,李洁,周小勇译@zeng
210    @a上海@c华东师范大学出版社@d2015.10
215    @a12,380页@d24cm
225 2  @a“21世纪人类学习的革命”译丛@v5
305    @a据原书第2版译出
308    @a丛书第二辑
330    @a本书共分为总论、学习环境的理论观点、研究学习环境的理论视角三部分,主要内容包括:以学生为中心的学习环境——基础、假设和设计;从实习场到实践共同体等。
333    @a教学设计、教育心理学设计以及相关领域人员
461  0 @12001 @a“21世纪人类学习的革命”译丛@v5
510 1  @aTheoretical foundations of learning environments@zeng
606 0  @a学习心理学@x教育环境学@x研究
690    @aG442@v5
690    @aG40-052.4@v5
701  0 @c(美)@a乔纳森@9qiao na sen@c(Jonassen, David H.)@4主编
701  0 @c(美)@a兰德@9lan de@c(Land, Susan M.)@4主编
702  0 @a徐世猛@9xu shi meng@4译
702  0 @a李洁@9li jie@4译
702  0 @a周小勇@9zhou xiao yong@4译
801  0 @aCN@b人天书店@c20151118
905    @b875174-76@dG442@e245@f3
    
    学习环境的理论基础=Theoretical foundations of learning environments/(美)戴维·H·乔纳森(David H. Jonassen),(美)苏珊·M·兰德(Susan M. Land)主编/徐世猛,李洁,周小勇译.-上海:华东师范大学出版社,2015.10
    12,380页;24cm.-(“21世纪人类学习的革命”译丛;5)
    使用对象:教学设计、教育心理学设计以及相关领域人员
    
    ISBN 978-7-5675-3584-8:CNY56.00
    本书共分为总论、学习环境的理论观点、研究学习环境的理论视角三部分,主要内容包括:以学生为中心的学习环境——基础、假设和设计;从实习场到实践共同体等。
●
相关链接 在E读中查询图书 在五车中查询图书 在当当中查询图书 在豆瓣中查询图书


正题名:学习环境的理论基础     索取号:G442/245         预约/预借

序号 登录号 条形码 馆藏地/架位号 状态 备注
1 875174   208751741   学院路分馆/ [索取号:G442/245] 在馆    
2 875175   208751750   学院路分馆/ [索取号:G442/245] 在馆    
3 875176   208751769   学院路分馆/ [索取号:G442/245] 在馆    
唐山师范学院图书馆 欢迎您!
大连网信软件有限公司© 版权所有